Quiz sur le football des Etats-Unis - Statistiques

Statistiques générales
  • Ce quiz a été pris 255 fois
  • Le résultat moyen est 9 sur 16
Statistiques - réponses
Question Réponse % Correct
Autre pays dont des clubs participent à ce championnat Canada
98%
Nom du championnat des États-Unis de football Major League Soccer
98%
Légende anglaise, ayant notamment évolué à Manchester United ou au Réal Madrid, qui a évolué pendant 5 ans au Los Angeles Galaxy David Beckham
88%
Club dont ce dernier est propriétaire Inter Miami
82%
Joueur américain évoluant actuellement à Chelsea, et anciennement à Dortmund Christian Pulisic
80%
Nombres de titres des États-Unis en Gold Cup 7
70%
Compétition à laquelle les États-Unis ont participé à quatre reprises en tant qu"invité Copa América
64%
Nom de la confédération à laquelle les États-Unis appartiennent CONCACAF
61%
Meilleurs buteurs de l'histoire de la sélection Landon Donovan
55%
Année du dernier titre 2021
54%
Meilleurs buteurs de l'histoire de la sélection Clint Dempsey
45%
Équipe ayant éliminé les États-Unis lors de la Coupe du Monde 2022 Pays-Bas
44%
Année de l'unique demi-finale de Coupe du Monde des États-Unis 1930
42%
Club entraîné par Wayne Rooney D.C United
41%
Meilleur buteur de l'histoire du club de New York City David Villa
22%
Joueur le plus capé de l'histoire de la sélection Cobi Jones
5%
Aucun quiz correspondant
Distribution des résultats
% des personnes avec chaque résultat
Percentile par nombre de réponses
Votre historique - résultats
Vous n’avez pas pris ce quiz